Central Library OPAC University of Rajshahi

Experimental psychology / (Record no. 29765)

MARC details
000 -LEADER
fixed length control field 00785nam a22002417a 4500
001 - CONTROL NUMBER
control field 29765
003 - CONTROL NUMBER IDENTIFIER
rucl marc code BD-RjUL
005 - DATE AND TIME OF LATEST TRANSACTION
control field 20211209051445.0
008 - FIXED-LENGTH DATA ELEMENTS--GENERAL INFORMATION
fixed length control field 140407r19661954nyuadc 001 0 eng d
035 ## - SYSTEM CONTROL NUMBER
System control number (BD-RjUL)29850
040 ## - CATALOGING SOURCE
Original cataloging agency BD-RjUL
Language of cataloging eng
Transcribing agency BD-RjUL
041 ## - LANGUAGE CODE
Language code of text/sound track or separate title eng
082 ## - DEWEY DECIMAL CLASSIFICATION NUMBER
Classification number 150.724
Author mark and year WOE
100 1# - MAIN ENTRY--PERSONAL NAME
Personal name Woodworth, Robert Sessions.
9 (RLIN) 89352
245 ## - TITLE STATEMENT
Title Experimental psychology /
Statement of responsibility, etc. by Robert Sessions Woodworth , Harold Schlosberg.
250 ## - EDITION STATEMENT
Edition statement 3rd.rev. ed.
260 ## - PUBLICATION, DISTRIBUTION, ETC. (IMPRINT)
Place of publication, distribution, etc. New York :
Name of publisher, distributor, etc. Holt,
Date of publication, distribution, etc. c1954 [Reprinted 1961, 1964, 1965, 1966].
300 ## - PHYSICAL DESCRIPTION
Pagination xi, 948 p. :
Illustrations ill. ;
Size 24 cm.
504 ## - BIBLIOGRAPHY, ETC. NOTE
Bibliography, etc Includes bibliographical references and indexes.
650 #0 - SUBJECT ADDED ENTRY--TOPICAL TERM
Topical term or geographic name as entry element Psychology, Experimental
9 (RLIN) 90617
700 1# - ADDED ENTRY--PERSONAL NAME
Personal name Schlosberg, Harold , jt. auth.
942 ## - ADDED ENTRY ELEMENTS (KOHA)
Source of classification or shelving scheme Dewey Decimal Classification
Koha item type Books
Holdings
Lost status Source of classification or shelving scheme Damaged status Not for loan Collection code Permanent Location Current Location Shelving location Date acquired Source of acquisition Cost, normal purchase price Total Checkouts Full call number Date last seen Copy number Koha item type Date checked out
  Dewey Decimal Classification   Not For Loan Non-fiction Central Library, University of Rajshahi Central Library, University of Rajshahi Reading Room 25/03/1966 Zitlinger 76.00   150.724 WOE 1964 07/04/2014 C-1 Books  
  Dewey Decimal Classification     Non-fiction Central Library, University of Rajshahi Central Library, University of Rajshahi   30/11/1967 Sweets & Zaitlinger 85.00 2 150.724 WOE 1965 13/12/2018 C-2 Books 06/12/2018
  Dewey Decimal Classification     Non-fiction Central Library, University of Rajshahi Central Library, University of Rajshahi   29/11/1967 Sweet + Zeitlinger 85.00 3 150.724 WOE 1966 21/01/2017 C-4 Books 31/12/2016
  Dewey Decimal Classification     Non-fiction Central Library, University of Rajshahi Central Library, University of Rajshahi   25/03/1966 Zeittlinger 76.00 3 150.724 WOE 1964 24/12/2017 C-3 Books 06/12/2017
  Dewey Decimal Classification     Non-fiction Central Library, University of Rajshahi Central Library, University of Rajshahi   07/04/2014       150.724 WOE 1966 07/04/2014 C-5 Books  
  Dewey Decimal Classification     Non-fiction Central Library, University of Rajshahi Central Library, University of Rajshahi   09/09/1969 Zitlinger 85.00 1 150.724 WOE 1966 20/01/2020 C-6 Books 19/12/2019
  Dewey Decimal Classification     Non-fiction Central Library, University of Rajshahi Central Library, University of Rajshahi   29/11/1967 Sweets & Zeitlinger 85.00   150.724 WOE 1961 09/04/2014 C-7 Books  
  Dewey Decimal Classification     Non-fiction Central Library, University of Rajshahi Central Library, University of Rajshahi   09/09/1969 Zitlinger 85.00 3 150.724 WOE 1966 27/07/2016 C-8 Books 16/07/2016
  Dewey Decimal Classification     Non-fiction Central Library, University of Rajshahi Central Library, University of Rajshahi   02/07/1963 Zetlinger 70.00   150.724 WOE 1961 26/04/2014 C-10 Books  
  Dewey Decimal Classification     Non-fiction Central Library, University of Rajshahi Central Library, University of Rajshahi Reading Room 19/06/2014     1 150.724 WOE 1954 26/12/2016 C-9 Books 24/12/2016